The Non -Stop Discussion WorkBook. (Record no. 4957)

MARC details
005 - DATE AND TIME OF LATEST TRANSACTION
control field 20250625083335.0
020 ## - INTERNATIONAL STANDARD BOOK NUMBER
International Standard Book Number 0-8384-2938-6
082 ## - DEWEY DECIMAL CLASSIFICATION NUMBER
Classification number 428.34 ROO
100 ## - MAIN ENTRY--PERSONAL NAME
Author name ROOKS, G.
245 ## - TITLE STATEMENT
Title The Non -Stop Discussion WorkBook.
250 ## - EDITION STATEMENT
Edition statement 2nd Ed.
260 ## - PUBLICATION, DISTRIBUTION, ETC.
Place of publication, distribution, etc. New York,
Name of publisher, distributor, etc. Heinle & Heinle Publisher,
Date of publication, distribution, etc. 1988.
300 ## - PHYSICAL DESCRIPTION
Extent xii.; 162p.; picture,
Other physical details Glossary,
Dimensions 28cm.
942 ## - ADDED ENTRY ELEMENTS (KOHA)
Source of classification or shelving scheme Dewey Decimal Classification
Koha item type Books
Holdings
Date last seen Total checkouts Full call number Barcode Cost, replacement price Price effective from Koha item type Lost status Source of classification or shelving scheme Damaged status Not for loan Withdrawn status Home library Current library Shelving location Date acquired Cost, normal purchase price
06/25/2025   428.34 ROO DOM0002892 17100.00 06/25/2025 Books   Dewey Decimal Classification       CBE Dodoma CBE Dodoma General Collection 03/20/2001 5700.00